<?xml version="1.0" encoding="UTF-8"?>
<record
    xmlns:xsi="http://www.w3.org/2001/XMLSchema-instance"
    xsi:schemaLocation="http://www.loc.gov/MARC21/slim http://www.loc.gov/standards/marcxml/schema/MARC21slim.xsd"
    xmlns="http://www.loc.gov/MARC21/slim">

  <leader>00742nam a22001937a 4500</leader>
  <controlfield tag="003">SEM</controlfield>
  <datafield tag="999" ind1=" " ind2=" ">
    <subfield code="c">50819</subfield>
    <subfield code="d">50819</subfield>
  </datafield>
  <controlfield tag="005">20220608071904.0</controlfield>
  <controlfield tag="008">220504s1917    gs ||||gr|||||001 0 arm|d</controlfield>
  <datafield tag="040" ind1=" " ind2=" ">
    <subfield code="a">SEM</subfield>
    <subfield code="c">SEM</subfield>
  </datafield>
  <datafield tag="041" ind1=" " ind2=" ">
    <subfield code="a">arm</subfield>
  </datafield>
  <datafield tag="080" ind1=" " ind2=" ">
    <subfield code="a">361(47.925)(047)/&#x54F;-30</subfield>
  </datafield>
  <datafield tag="245" ind1=" " ind2=" ">
    <subfield code="a">&#x54F;&#x565;&#x572;&#x565;&#x56F;&#x561;&#x563;&#x56B;&#x580; &#x570;&#x561;&#x575; &#x576;&#x57A;&#x561;&#x57D;&#x57F;&#x561;&#x574;&#x561;&#x57F;&#x578;&#x575;&#x581; &#x568;&#x576;&#x56F;&#x565;&#x580;&#x578;&#x582;&#x569;&#x565;&#x561;&#x576; I-&#x56B;&#x576; &#x565;&#x582; II-&#x580;&#x564; &#x57F;&#x561;&#x580;&#x56B; 1915 &#x565;&#x582; 1916&#x569;&#x569;. /</subfield>
  </datafield>
  <datafield tag="246" ind1=" " ind2=" ">
    <subfield code="a">[&#x54F;&#x565;&#x572;&#x565;&#x56F;&#x561;&#x563;&#x56B;&#x580; &#x570;&#x561;&#x575; &#x576;&#x57A;&#x561;&#x57D;&#x57F;&#x561;&#x574;&#x561;&#x57F;&#x578;&#x582;&#x575;&#x581; &#x568;&#x576;&#x56F;&#x565;&#x580;&#x578;&#x582;&#x569;&#x575;&#x561;&#x576; I-&#x56B;&#x576; &#x587; II-&#x580;&#x564; &#x57F;&#x561;&#x580;&#x56B; 1915 &#x587; 1916&#x569;&#x569;.] /</subfield>
  </datafield>
  <datafield tag="260" ind1=" " ind2=" ">
    <subfield code="a">&#x539;&#x56B;&#x586;&#x56C;&#x56B;&#x57D; :</subfield>
    <subfield code="b">&#x57F;&#x57A;. &#x537;&#x56F;&#x578;&#x576;&#x585;&#x574;&#x56B;&#x561;,</subfield>
    <subfield code="c">1917.</subfield>
  </datafield>
  <datafield tag="300" ind1=" " ind2=" ">
    <subfield code="a">98 &#x567;&#x57B; ;</subfield>
    <subfield code="c">22 &#x57D;&#x574;</subfield>
  </datafield>
  <datafield tag="650" ind1=" " ind2=" ">
    <subfield code="a">&#x54D;&#x578;&#x581;&#x56B;&#x561;&#x56C;&#x561;&#x56F;&#x561;&#x576; &#x585;&#x563;&#x576;&#x578;&#x582;&#x569;&#x575;&#x578;&#x582;&#x576;</subfield>
    <subfield code="x">&#x57F;&#x565;&#x572;&#x565;&#x56F;&#x561;&#x563;&#x56B;&#x580;</subfield>
  </datafield>
  <datafield tag="653" ind1=" " ind2=" ">
    <subfield code="a">&#x54D;&#x537;&#x544;</subfield>
  </datafield>
  <datafield tag="942" ind1=" " ind2=" ">
    <subfield code="2">udc</subfield>
    <subfield code="c">BK</subfield>
  </datafield>
  <datafield tag="952" ind1=" " ind2=" ">
    <subfield code="0">0</subfield>
    <subfield code="1">0</subfield>
    <subfield code="2">udc</subfield>
    <subfield code="4">0</subfield>
    <subfield code="7">0</subfield>
    <subfield code="8">&#x533;&#x580;&#x561;&#x57A;&#x561;&#x570;&#x578;&#x581;</subfield>
    <subfield code="a">SEM</subfield>
    <subfield code="b">SEM</subfield>
    <subfield code="d">2022-05-04</subfield>
    <subfield code="g">500.00</subfield>
    <subfield code="i">20197</subfield>
    <subfield code="l">0</subfield>
    <subfield code="o">361(47.925)(047)/&#x54F;-30</subfield>
    <subfield code="p">20197</subfield>
    <subfield code="r">2014-11-16</subfield>
    <subfield code="w">2014-11-16</subfield>
    <subfield code="y">BK</subfield>
    <subfield code="z">&#x54D;&#x57A;&#x561;&#x57D;&#x561;&#x580;&#x56F;&#x57E;&#x578;&#x582;&#x574; &#x567; &#x568;&#x576;&#x569;&#x565;&#x580;&#x581;&#x561;&#x57D;&#x580;&#x561;&#x570;</subfield>
  </datafield>
</record>
